| 000 | 01803nam a2200481 c 4500 | ||
|---|---|---|---|
| 001 | 22013 | ||
| 003 | ES-MaCES | ||
| 005 | 20141221122747.0 | ||
| 008 | 090330s2009 sp bd t o000 | spa d | ||
| 017 |
_aM 5422-2009 _bDL |
||
| 020 | _a9788489116474 | ||
| 024 | 7 |
_a201-05-144-8 _2nipo |
|
| 035 | _aCES20090003676m | ||
| 040 |
_aES-MaCES _bspa _cES-MaCES |
||
| 100 | 1 |
_aSerrano Martínez, Lorenzo _923924 |
|
| 245 | 1 | 0 |
_aProblemática de la dependencia en España _b: aspectos demográficos y del mercado de trabajo _cLorenzo Serrano, Ángel Soler |
| 260 |
_aMadrid _bFundación de las Cajas de Ahorros (FUNCAS) _c[2009] |
||
| 300 |
_a278 p. _bgráf., mapas bl. y n. _c24 cm |
||
| 490 | 1 |
_aEstudios de la Fundación _v37. Serie economía y sociedad |
|
| 504 | _aBibliografía: p. 277-278 | ||
| 541 | _cGratuito | ||
| 650 | 4 |
_apersonas de edad avanzada _928521 |
|
| 650 | 4 |
_apersona con discapacidad _928689 |
|
| 650 | 4 |
_adiscapacidad permanente _929675 |
|
| 650 | 4 |
_aaspecto demográfico _930428 |
|
| 650 | 4 |
_amercado de trabajo _928292 |
|
| 650 | 4 |
_aempleo _928299 |
|
| 650 | 4 |
_aevaluación del impacto _930732 |
|
| 650 | 4 |
_acuidado a las personas con discapacidad _927063 |
|
| 650 | 4 |
_aasistencia a las personas de edad avanzada _927061 |
|
| 650 | 4 |
_atrabajador migrante _928408 |
|
| 650 | 4 |
_adesigualdad regional _929372 |
|
| 650 | 4 |
_aComunidades Autónomas _930768 |
|
| 650 | 4 |
_aEspaña _926964 |
|
| 650 | 4 |
_acuadros estadísticos _928890 |
|
| 653 | 1 | 0 | _aAsuntos Sociales |
| 700 | 1 |
_aSoler, Ángel _924235 |
|
| 710 | 2 |
_aFundación de las Cajas de Ahorros _eed. _93800 |
|
| 830 | 0 |
_aEstudios de la Fundación de las Cajas de Ahorros _pSerie Economía y sociedad _v37 _934278 |
|
| 902 | _aLIB Libro | ||
| 942 |
_2CES _cBK _h3.3. |
||
| 999 |
_c22013 _d22013 |
||